000 00500nam a2200157Ia 4500
999 _c17539
_d17539
003 OSt
005 20200606120043.0
008 190216s9999||||xx |||||||||||||| ||und||
040 _cMESKC library
082 _a891.4309
_bCHA/H
100 _aChadurvedhi, Parashuram
_9217
245 0 _aHindi Sahithya Ka Brehath Ithihas /
_cParashuram Chadurvedhi
260 _bNagariprajarighi Sabha,
_aVaranasi:
_c2015.
300 _a558p
942 _cBK
_2ddc
_h891.4309
_iCHA/H
_k891.4309
_mCHA/H